Представление документа в формате RUSMARC

ПолеНазваниеЗначение
  Тип записи a
  Библиографический уровень m
001 Контрольный номер RU/SLIB/B/208762305
005 Дата корректировки 20201206204222.7
010 Индекс ISBN __
d Цена 1-95
101 Язык документа __
a Язык текста rus
200 Заглавие и сведения об ответственности __
a Заглавие О времени и о себе
b Общее обозначение материала Текст
i Наименование части Меж дней бегущих
i Наименование части Современники
i Наименование части Солдат и книга
i Наименование части О разном
210 Выходные данные __
a Место издания М.
c Издательство Молодая гвардия
d Дата издания 1977
215 Физическое описание __
a Объем 478 с.
461 Уровень набора __
1 2001
a Собрание сочинений
v Т. 6
606 Тематические рубрики __
a Основная рубрика Художественная литература
606 Тематические рубрики __
a Основная рубрика Русская литература XX в. (произведения)
610 Ключевые слова __
a Ключевые слова автобиографии; заметки; репортажи; военная тема; прозаики; тема войны
686 Индексы других классификаций __
a Классификационный индекс 84(2Рос=Рус)6-4
700 Автор _1
a Фамилия Алексеев
b Имя М. Н.
4 Код отношения 070
801 Источник записи _0
a Страна RU
b Организация Муниципальное бюджетное учреждение культуры "Централизованная библиотечная система" г. Сургут (Центральная городская библиотека им. А. С. Пушкина)
g Правила каталогизации КиК/Михайлова
801 Источник записи _1
a Страна RU
b Организация Муниципальное бюджетное учреждение культуры "Централизованная библиотечная система" г. Сургут (Центральная городская библиотека им. А. С. Пушкина)
g Правила каталогизации КиК/Михайлова
852 Данные о местонахождении __
j Шифр хранения 84(2Рос=Рус)6-4
i Авторский знак А 47
p Инвентарный номер 65301(с); 65302(с)
901 Тип документа __
t Тип документа m
990 Данные о заказе (DOS) __
j Количество экземпляров (DOS) 2
t N записи в КСУ для И/У (DOS) ретро